Statistics for Taylor Swift 63

Click here to take the quiz!

General Stats

  • This quiz has been taken 8 times
  • The average score is 192 of 286

Answer Stats

Answer% Correct
a
100%
I
100%
me
100%
say
100%
so
100%
the
100%
to
100%
we
100%
you
100%
and
83%
don't
83%
go
83%
hand
83%
head
83%
her
83%
in
83%
is
83%
it
83%
know
83%
my
83%
no
83%
not
83%
of
83%
on
83%
one
83%
our
83%
out
83%
said
83%
that
83%
their
83%
they
83%
thing
83%
think
83%
this
83%
through
83%
touch
83%
was
83%
we'll
83%
well
83%
what
83%
your
83%
you're
83%
all
67%
but
67%
could
67%
couldn't
67%
door
67%
for
67%
friends
67%
had
67%
have
67%
heart
67%
how
67%
it's
67%
just
67%
love
67%
made
67%
never
67%
night
67%
now
67%
once
67%
remember
67%
there
67%
they'll
67%
up
67%
while
67%
with
67%
won't
67%
would've
67%
you'll
67%
again
50%
answer
50%
asks
50%
because
50%
bride
50%
celebrating
50%
champagne
50%
Chevy
50%
cure
50%
dancing
50%
dropped
50%
evergreen
50%
find
50%
flannel
50%
flush
50%
fucked
50%
give
50%
glass
50%
group
50%
hold
50%
hurt
50%
instead
50%
joke
50%
keep
50%
knees
50%
landing
50%
leave
50%
left
50%
lovely
50%
madhouse
50%
Midas
50%
mom's
50%
money
50%
November
50%
one's
50%
patch
50%
picture
50%
pocket
50%
problems
50%
ready
50%
real
50%
reason
50%
ring
50%
shame
50%
she
50%
she'll
50%
she's
50%
show
50%
shred
50%
sit
50%
someone's
50%
sometimes
50%
standing
50%
such
50%
'til
50%
told
50%
train
50%
two
50%
walked
50%
wallet
50%
watch
50%
word
50%
applauded
33%
beyond
33%
bottle
33%
brought
33%
called
33%
crestfallen
33%
deck
33%
Dom
33%
dorm
33%
family
33%
halls
33%
hometown
33%
nerve
33%
or
33%
Perignon
33%
reaches
33%
silent
33%
sister
33%
skeptics
33%
sleepers
33%
speech
33%
speechless
33%
splashed
33%
sure
33%
which
33%
worse
33%
bustling
17%
crowd
17%
crowds
17%
slipped
17%
soon
17%
tapestry
17%
booked
0%

Score Distribution

Percentile by Number Answered

Percent of People with Each Score

Your Score History

You have not taken this quiz